Представление документа в формате MARC21

Поле Инд. ПП Название Значение
Тип записи a
Библиографический уровень b
001 Контрольный номер cf4017f808af4ebc8a6eb102a8f2f0c8
005 Дата корректировки 20260527124928.5
024 80 a Стандартный номер 10.1134/S1547477125702127
040 a Служба первич. каталог. РИНЦ
b Код языка каталог. rus
041 0_ a Код языка текста eng
097 a Василенко М.А.
100 1_ a Автор Senichev Yu. V.
100 1_ a Автор Kolokolchikov S. D.
100 1_ a Автор Aksentyev A. E.
100 1_ a Автор Ladygin V. P.
c Титул (звания) старший научный сотрудник; доктор физико-математическх наук; профессор (должность);
i Z2021_04
k Кафедра фундаментальных проблем физики микромира; Инженерно-физический институт
q Полное имя Ладыгин Владимир Петрович
u Дополнение Ладыгин В. П.
100 1_ a Автор Syresin E. M.
c Титул (звания) профессор (ученое звание); доктор физико-математических наук; профессор (должность);
i 100093139
g Прочие сведения РИНЦ AuthorID: 34889 (http://elibrary.ru/author_profile.asp?id= 34889); Scopus Author ID: 7003961220 (https://www.scopus.com/authid/detail.uri?authorId=7003961220)
k Кафедра фундаментальных проблем физики микромира; Инженерно-физический институт
q Полное имя Сыресин Евгений Михайлович
u Дополнение Сыресин Е. М.; Syresin Evgeny M.
245 10 a Заглавие Highly Superperiodic Structure of the Nuclotron with Quasi-Frozen Spin for Studying the Electric Dipole Moment of Light Nuclei
773 18 t Название источника Physics of Particles and Nuclei Letters
b Сведения об издании Pleiades Publishing, Ltd.
c Russia
d Место и дата издания 2026
m Специф. данные входит в Белый список; входит в Scopus; входит в WoS; входит в ядро РИНЦ; ненулевой импакт-фактор
n Примечание Письма в журнал Физика элементарных частиц и атомного ядра
p Particles and Nuclei Letters
q У3 Белый список; Q3 Scopus 2025
o Прочие индексы SJR 0.217
x ISSN 1547-4771; 1531-8567
g Прочая информация Т. 23. - № 2. - С. 206 - 210
w Контрольный № источника 37fbe685cc044d0ba0c12d5572a8ac54
856 40 u URL https://elibrary.ru/item.asp?id=89257542
901 t Тип документа b
952 c Вид литературы статья в журнале